North Carolina State Parks - Statistics

General Stats
  • This quiz has been taken 3 times
  • The average score is 14 of 35
Answer Stats
Answer % Correct
Carolina Beach State Park
67%
Carvers Creek State Park
67%
Chimney Rock State Park
67%
Elk Knob State Park
67%
Grandfather Mountain State Park
67%
Jones Lake State Park
67%
Lake James State Park
67%
Lake Waccamaw State Park
67%
Morrow Mountain State Park
67%
Mount Mitchell State Park
67%
Cliffs of the Neuse State Park
33%
Crowders Mountain State Park
33%
Dismal Swamp State Park
33%
Eno River State Park
33%
Fort Macon State Park
33%
Goose Creek State Park
33%
Hammocks Beach State Park
33%
Hanging Rock State Park
33%
Haw River State Park
33%
Jockey's Ridge State Park
33%
Lake Norman State Park
33%
Lumber River State Park
33%
Mayo River State Park
33%
Medoc Mountain State Park
33%
Merchants Millpond State Park
33%
New River State Park
33%
Pettigrew State Park
33%
Pisgah View State Park
33%
Raven Rock State Park
33%
Singletary Lake State Park
33%
South Mountains State Park
33%
Stone Mountain State Park
33%
William B. Umstead State Park
33%
Gorges State Park
0%
Pilot Mountain State Park
0%
No matching quizzes found
Score Distribution
Percent of People with Each Score
Percentile by Number Answered
Your Score History
You have not taken this quiz